Alphabet - Statistiques

Statistiques générales
  • Ce quiz a été pris 992 fois
  • Le résultat moyen est 21 sur 26
Statistiques - réponses
Réponse % Correct
A
100%
B
94%
C
94%
D
92%
E
91%
F
91%
G
90%
H
89%
I
87%
J
86%
K
83%
L
83%
M
83%
N
79%
O
79%
P
78%
Q
76%
R
74%
S
72%
T
72%
U
70%
V
68%
W
66%
X
61%
Y
58%
Z
56%
Aucun quiz correspondant
Distribution des résultats
% des personnes avec chaque résultat
Percentile par nombre de réponses
Votre historique - résultats
Vous n’avez pas pris ce quiz